[Event "Kronborg Chess Open GM 2026"]
[Site "Helsingor"]
[Date "2026.05.14"]
[Round "4.4"]
[White "Ostensen, Nicolai Maxime"]
[Black "Wang, Hao(ZJ)"]
[Result "1/2-1/2"]
[WhiteElo "2405"]
[BlackElo "2426"]
[WhiteFideId "1546970"]
[BlackFideId "8631859"]
[EventDate "2026.05.13"]
[EventType "tourn"]
[EventRounds "9"]
[EventCountry "DEN"]
[SourceTitle "Live v Helsingor Chess Club"]

1. e4 e5 2. Nf3 Nc6 3. Bb5 Nf6 4. d3 Ne7 5. Nc3 c6 6. Bc4 Ng6 7. h4 h5 8. Ng5 d5 9. exd5 b5 10. Bb3 cxd5 11. d4 e4 12. Qe2 Rb8 13. f3 Bd6 14. O-O O-O 15. Nxd5 exf3 16. Qxf3 Ng4 17. Qd3 Be6 18. Nf6+ gxf6 19. Bxe6 N4e5 20. dxe5 Bc5+ 21. Kh1 Qxd3 22. cxd3 fxg5 23. Bb3 Nxe5 24. Rf5 Nxd3 25. Rxg5+ Kh8 26. Rxh5+ Kg7 27. Rg5+ Kh8 28. Bc2 Nf2+ 29. Kh2 Rfc8 30. Rh5+ Kg8 31. Bh7+ Kg7 32. Bh6+ Kxh7 33. Bf4+ Kg6 34. Rg5+ Kh7 35. Bxb8 Ne4 36. Re5 f5 37. Rc1 Rxb8 38. Rcxc5 Nxc5 39. Rxc5 Kg6 40. Kg3 b4 41. Kf4 b3 42. a3 Rd8 43. h5+ Kxh5 44. Rxf5+ Kg6 45. Rb5 Rd3 46. g4 a5 47. Ke4 Rg3 48. Rxa5 Rg2 49. Kd3 Rxb2 50. Kc3 Rg2 51. Kxb3 Rg3+ 52. Kc4 Rxg4+ 53. Kc5 Kf6 54. Ra7 Ke6 55. a4 Rg5+ 56. Kc6 Rg2 57. a5 Rc2+ 58. Kb7 Kd7 59. Kb8+ Kd8 60. Rh7 Ra2 61. Ra7 Ra1 62. Ra6 Kd7 63. Kb7 Ra2 64. Kb8 Ra1 65. Ra7+ Kd8 66. a6 Ra2 67. Ra8 Rb2+ 68. Ka7+ Kc7 69. Rh8 Rb1 70. Rh7+ Kc8 71. Rh2 Rb3 72. Rc2+ Kd7 73. Ka8 Rb6 74. a7 Rb1 75. Rc7+ Kxc7 1/2-1/2

[Event "Kronborg Chess Open GM 2026"]
[Site "Helsingor"]
[Date "2026.05.14"]
[Round "4.5"]
[White "Medhus, Vitus Bondo"]
[Black "Kunin, Vitaly"]
[Result "1/2-1/2"]
[WhiteElo "2406"]
[BlackElo "2507"]
[WhiteFideId "1462547"]
[BlackFideId "4128737"]
[EventDate "2026.05.13"]
[EventType "tourn"]
[EventRounds "9"]
[EventCountry "DEN"]
[SourceTitle "Live v Helsingor Chess Club"]

1. e4 c5 2. Nf3 Nc6 3. Nc3 g6 4. d4 cxd4 5. Nxd4 Bg7 6. Be3 Nf6 7. Nb3 d6 8. Be2 O-O 9. Qd2 a5 10. a4 Be6 11. O-O-O Rc8 12. Kb1 Nb4 13. f3 Nd7 14. Nd4 Bc4 15. Bh6 Ne5 16. Bxg7 Kxg7 17. f4 Bxe2 18. Qxe2 Nc4 19. f5 Qb6 20. Ncb5 Qc5 21. h4 Ne5 22. b3 Nbc6 23. fxg6 Nxd4 24. Nxd4 hxg6 25. h5 Rh8 26. hxg6 Rxh1 27. Nf5+ Kf6 28. Rxh1 fxg6 29. Ne3 Ke6 30. Rf1 Kd7 31. g3 e6 32. Rh1 Kc7 33. Rh7+ Kb8 34. Re7 Nc6 35. Rh7 Nd4 36. Qd3 Ka7 37. Nc4 e5 38. c3 d5 39. exd5 Nxb3 40. Nxe5 Qf2 41. Nc6+ Ka8 42. Qb5 Qg1+ 43. Kb2 Qc1+ 44. Kxb3 Qb1+ 45. Kc4 Qf1+ 46. Kd4 Qg1+ 47. Kd3 Qd1+ 48. Ke3 Qc1+ 49. Ke4 Qe1+ 50. Kd4 Qg1+ 51. Ke5 Qxg3+ 52. Kf6 Qf4+ 53. Ke6 Qf5+ 54. Kd6 Qf6+ 55. Kc5 Qf2+ 56. Kc4 Qf1+ 57. Kd4 Qg1+ 58. Ke5 Qg5+ 59. Ke6 Qf5+ 60. Kd6 Qf6+ 61. Kc5 Qf2+ 62. Kc4 Qf1+ 63. Kd4 Qg1+ 64. Ke4 Qe1+ 65. Kd4 1/2-1/2

[Event "Kronborg Chess Open GM 2026"]
[Site "Helsingor"]
[Date "2026.05.15"]
[Round "5.1"]
[White "Chatalbashev, Boris"]
[Black "Pajeken, Jakob Leon"]
[Result "1-0"]
[WhiteElo "2530"]
[BlackElo "2472"]
[WhiteFideId "2900440"]
[BlackFideId "12942839"]
[EventDate "2026.05.13"]
[EventType "tourn"]
[EventRounds "9"]
[EventCountry "DEN"]
[SourceTitle "Live v Helsingor Chess Club"]

1. d4 Nf6 2. c4 e6 3. Nf3 d5 4. Nc3 Nbd7 5. cxd5 exd5 6. Bf4 c6 7. Qc2 Nh5 8. Bg5 Be7 9. Bxe7 Qxe7 10. e3 Nb6 11. Ne5 f6 12. Nd3 g6 13. Be2 Ng7 14. h4 Bf5 15. g4 Bxd3 16. Qxd3 O-O-O 17. h5 g5 18. a4 Kb8 19. a5 Nc4 20. b3 Nd6 21. a6 b6 22. b4 b5 23. Na2 Ne6 24. Nc1 Ne4 25. Qb3 Rhe8 26. Ra2 Nc7 27. Nd3 Na8 28. Nc5 Nb6 29. Bd3 Nd6 30. h6 Qf7 31. Qb1 Re7 32. Ke2 Ne4 33. Rc2 Rde8 34. Qg1 Qf8 35. Qh2+ Ka8 36. Bxe4 dxe4 37. Qd6 Rc8 38. Rhc1 Nc4 39. Rxc4 bxc4 40. d5 Qe8 41. Rxc4 cxd5 42. Qxd5+ Kb8 43. Qd6+ Ka8 44. Qd5+ Kb8 45. Rxe4 Rd8 46. Qc4 Rxe4 47. Qxe4 Qf7 48. Kf3 Rd5 49. Kg3 Qc7+ 50. Kg2 Re5 51. Qf3 Qc8 52. Kh3 f5 53. Qg3 f4 54. exf4 gxf4 55. Qxf4 Ka8 56. Qf3+ Kb8 57. Qf4 Ka8 58. Qf7 Re1 59. Qd5+ Kb8 60. Nd7+ Kc7 61. Ne5 Rc1 62. f3 Rh1+ 63. Kg2 Rxh6 64. Qc5+ Kb8 65. Nd7+ Qxd7 66. Qf8+ Kc7 67. Qxh6 Qe7 68. Kh3 Kd8 69. Qf4 Kc8 70. Qe4 1-0

[Event "Kronborg Chess Open GM 2026"]
[Site "Helsingor"]
[Date "2026.05.15"]
[Round "5.2"]
[White "Eugene, Floryan"]
[Black "Kaasen, Tor Fredrik"]
[Result "1-0"]
[WhiteElo "2489"]
[BlackElo "2477"]
[WhiteFideId "20694784"]
[BlackFideId "1516647"]
[EventDate "2026.05.13"]
[EventType "tourn"]
[EventRounds "9"]
[EventCountry "DEN"]
[SourceTitle "Live v Helsingor Chess Club"]

1. e4 e5 2. Nf3 Nc6 3. Bb5 a6 4. Ba4 Nf6 5. O-O Be7 6. d3 b5 7. Bb3 d6 8. a4 Bd7 9. c3 O-O 10. Ba2 h6 11. h3 Re8 12. Be3 Bf8 13. Nbd2 Ne7 14. g4 Ng6 15. g5 Nh7 16. h4 hxg5 17. Nxg5 Nxg5 18. hxg5 Be6 19. Bxe6 Rxe6 20. Qg4 d5 21. Nf3 c5 22. Kg2 d4 23. cxd4 exd4 24. Bc1 c4 25. Rh1 Bb4 26. Nh4 Qc8 27. Nf5 Re5 28. Qh3 Rxf5 29. exf5 Qc6+ 30. Kg1 Re8 31. Bf4 Qxh1+ 32. Qxh1 Nxf4 33. g6 Re5 34. Qh7+ Kf8 35. Qh8+ Ke7 36. Qh4+ 1-0

[Event "Kronborg Chess Open GM 2026"]
[Site "Helsingor"]
[Date "2026.05.15"]
[Round "5.3"]
[White "Hector, Jonny"]
[Black "Medhus, Vitus Bondo"]
[Result "1/2-1/2"]
[WhiteElo "2408"]
[BlackElo "2406"]
[WhiteFideId "1700090"]
[BlackFideId "1462547"]
[EventDate "2026.05.13"]
[EventType "tourn"]
[EventRounds "9"]
[EventCountry "DEN"]
[SourceTitle "Live v Helsingor Chess Club"]

1. e4 c6 2. d4 d5 3. f3 e6 4. Nc3 Bb4 5. Bd2 Ne7 6. a3 Ba5 7. Bd3 Nd7 8. f4 O-O 9. Nf3 c5 10. e5 h6 11. b4 cxb4 12. Nb5 Nc6 13. O-O a6 14. Nd6 Bb6 15. Be3 bxa3 16. c3 f5 17. Bc1 Bc7 18. Bxa3 Bxd6 19. Bxd6 Rf7 20. Ba3 b5 21. Kh1 Nb6 22. Bc1 Na4 23. Qe1 Raa7 24. Rg1 g6 25. g4 Rg7 26. Ra2 Raf7 27. Rag2 Qa5 28. Bd2 Nb2 29. Bc2 Nc4 30. Bc1 b4 31. gxf5 gxf5 32. Qh4 Rxg2 33. Rxg2+ Rg7 34. Qxh6 Rxg2 35. Kxg2 Qc7 36. Ng5 Qg7 37. Qh3 bxc3 38. Qxc3 Qa7 39. Nf3 a5 40. Ba3 Nxa3 41. Qxa3 Nxd4 42. Qc3 Ne2 43. Qxc8+ Kg7 44. Qd8 Nxf4+ 45. Kg3 Nh5+ 46. Kg2 Nf4+ 47. Kh1 Qe3 48. Qe7+ Kg8 49. Qg5+ Kf7 50. Bd1 Qd3 51. Qf6+ Kg8 52. Qg5+ Kf7 53. Qg1 Nh3 54. Ng5+ Nxg5 55. Bh5+ Kf8 56. Qxg5 Qe4+ 57. Kg1 Qxe5 58. Qd8+ Kg7 59. Qg5+ Kf8 60. Qd8+ Kg7 61. Qg5+ Kh8 62. Qd2 f4 63. Qd1 a4 64. Be2 a3 65. Qc2 Kg7 66. Kf1 Kf6 67. Qh7 Qb2 68. Qh4+ Ke5 69. Qg5+ Ke4 70. Qg6+ Ke5 71. Qg5+ Kd6 72. Qxf4+ e5 73. Qf8+ Kc6 74. Qc8+ Kd6 75. Qf8+ Kc6 76. Qc8+ Kd6 1/2-1/2

[Event "Kronborg Chess Open GM 2026"]
[Site "Helsingor"]
[Date "2026.05.15"]
[Round "5.4"]
[White "Wang, Hao(ZJ)"]
[Black "Sipila, Vilka"]
[Result "1/2-1/2"]
[WhiteElo "2426"]
[BlackElo "2471"]
[WhiteFideId "8631859"]
[BlackFideId "505455"]
[EventDate "2026.05.13"]
[EventType "tourn"]
[EventRounds "9"]
[EventCountry "DEN"]
[SourceTitle "Live v Helsingor Chess Club"]

1. Nf3 d5 2. e3 Nf6 3. c4 e6 4. Nc3 Bd6 5. b3 O-O 6. Bb2 Re8 7. Nb5 Be7 8. Be5 Na6 9. h3 c6 10. Nc3 Nc5 11. Qc2 Bd6 12. Be2 Bxe5 13. Nxe5 d4 14. exd4 Qxd4 15. Nf3 Qf4 16. d4 Ncd7 17. Qd2 Qxd2+ 18. Kxd2 e5 19. dxe5 Nxe5 20. Nxe5 Rxe5 21. Bf3 Bf5 22. Rae1 Rd8+ 23. Kc1 Rxe1+ 24. Rxe1 Kf8 25. Rd1 Rxd1+ 26. Kxd1 h5 27. Kd2 g5 28. Ke3 Ke7 29. b4 h4 30. Be2 Ke6 31. Kd4 Nd7 32. c5 Ne5 33. b5 cxb5 34. Nxb5 Nc6+ 35. Ke3 Ke5 36. Nd6 Be6 37. Nxb7 Bxa2 38. g3 Ne7 39. f4+ gxf4+ 40. gxf4+ Ke6 41. Nd6 Kd5 42. Nxf7 Nf5+ 43. Kd2 Kxc5 44. Ne5 Be6 45. Nf3 a5 46. Kc3 a4 47. Bd3 Ne3 48. Kb2 Kb4 49. Nxh4 a3+ 50. Ka1 Bxh3 51. f5 Nd5 52. Nf3 Kc3 53. Bb1 Bg4 54. Ng5 Kd4 55. f6 Nxf6 56. Ka2 Nd5 57. Kxa3 Ke5 1/2-1/2

[Event "Kronborg Chess Open GM 2026"]
[Site "Helsingor"]
[Date "2026.05.15"]
[Round "5.5"]
[White "Kunin, Vitaly"]
[Black "Ostensen, Nicolai Maxime"]
[Result "1/2-1/2"]
[WhiteElo "2507"]
[BlackElo "2405"]
[WhiteFideId "4128737"]
[BlackFideId "1546970"]
[EventDate "2026.05.13"]
[EventType "tourn"]
[EventRounds "9"]
[EventCountry "DEN"]
[SourceTitle "Live v Helsingor Chess Club"]

1. d4 Nf6 2. c4 e6 3. Nf3 d5 4. e3 Nbd7 5. Nc3 a6 6. b3 Be7 7. Bd3 c5 8. O-O O-O 9. Bb2 b6 10. Qe2 Bb7 11. Rad1 dxc4 12. bxc4 cxd4 13. exd4 Re8 14. Rfe1 Qc7 15. Ne5 Rad8 16. c5 Nxe5 17. dxe5 Qc6 18. Qf1 Nd7 19. Be4 Qc7 20. cxb6 Nxb6 21. Rc1 Qb8 22. Rb1 Qa8 23. Bxb7 Qxb7 24. Ne4 Qd5 25. Qxa6 Nc4 26. Nc3 Qc5 27. Ne4 Qd5 28. Bc3 Ra8 29. Qb7 Nxe5 30. Qxd5 exd5 31. Ng3 Bf6 32. Kf1 Nc4 33. Rxe8+ Rxe8 34. Re1 Rxe1+ 35. Bxe1 Kf8 36. Ke2 Ke7 37. Nf5+ Ke6 38. Ne3 g6 39. Bb4 Nb2 40. Nd1 Nc4 41. a4 Kd7 42. f4 Kc6 43. Kd3 Bd8 44. Nc3 Bb6 45. g4 f5 46. gxf5 gxf5 47. Bf8 Bc7 48. Bh6 Ba5 49. Ne2 Nb2+ 1/2-1/2

[Event "Kronborg Chess Open GM 2026"]
[Site "Helsingor"]
[Date "2026.05.15"]
[Round "6.1"]
[White "Pajeken, Jakob Leon"]
[Black "Wang, Hao(ZJ)"]
[Result "1-0"]
[WhiteElo "2472"]
[BlackElo "2426"]
[WhiteFideId "12942839"]
[BlackFideId "8631859"]
[EventDate "2026.05.13"]
[EventType "tourn"]
[EventRounds "9"]
[EventCountry "DEN"]
[SourceTitle "Live v Helsingor Chess Club"]

1. e4 e5 2. Nf3 Nf6 3. Nc3 Nc6 4. h3 d5 5. exd5 Nxd5 6. Bb5 Nxc3 7. bxc3 Bd6 8. d4 exd4 9. cxd4 O-O 10. O-O h6 11. c4 a6 12. Ba4 b5 13. cxb5 Nb4 14. Bd2 Rb8 15. Ne5 Bxe5 16. Bxb4 Bd6 17. Bxd6 Qxd6 18. bxa6 Bxa6 19. Re1 Bc4 20. Qc2 Be6 21. Rad1 Rb4 22. Bb3 Bxb3 23. axb3 Rb5 24. Re3 Rd5 25. Rc3 Re8 26. Rc6 Qf4 27. Rxc7 Rxd4 28. Rc4 Rxc4 29. bxc4 Qe4 30. Qc3 Qe5 31. Qd3 Qe4 32. Kf1 Qxd3+ 33. Rxd3 Kf8 34. Re3 Ra8 35. Ke2 Ra2+ 36. Kd3 Rxf2 37. g3 Rf1 38. c5 f5 39. Kd4 f4 40. gxf4 Rxf4+ 41. Kd5 Rf1 42. c6 Rc1 43. Kd6 Kf7 44. c7 Rd1+ 45. Kc6 Rc1+ 46. Kd7 Rd1+ 47. Kc8 Rc1 48. Rb3 Kf6 49. Rb5 g5 50. Kb7 1-0

[Event "Kronborg Chess Open GM 2026"]
[Site "Helsingor"]
[Date "2026.05.15"]
[Round "6.2"]
[White "Kaasen, Tor Fredrik"]
[Black "Chatalbashev, Boris"]
[Result "1/2-1/2"]
[WhiteElo "2477"]
[BlackElo "2530"]
[WhiteFideId "1516647"]
[BlackFideId "2900440"]
[EventDate "2026.05.13"]
[EventType "tourn"]
[EventRounds "9"]
[EventCountry "DEN"]
[SourceTitle "Live v Helsingor Chess Club"]

1. d4 Nf6 2. c4 g6 3. Nc3 Bg7 4. e4 d6 5. h3 e5 6. d5 Na6 7. Bd3 Nc5 8. Bc2 a5 9. Bg5 c6 10. Nge2 cxd5 11. Nxd5 h6 12. Nxf6+ Bxf6 13. Bxf6 Qxf6 14. Qd2 Bd7 15. O-O Bc6 16. f4 O-O 17. f5 Bxe4 18. Bxe4 Nxe4 19. Qxh6 g5 20. Qxf6 Nxf6 21. Nc3 a4 22. b3 axb3 23. axb3 Rfc8 24. Rxa8 Rxa8 25. Nb5 Ra6 26. Rd1 Ne4 27. Re1 Ng3 28. c5 dxc5 29. Rxe5 Kg7 30. Rxc5 Kf6 31. Nc3 Rc6 32. Rxc6+ bxc6 33. b4 Kxf5 34. b5 cxb5 35. Nxb5 Ke5 36. Nc3 f5 1/2-1/2

[Event "Kronborg Chess Open GM 2026"]
[Site "Helsingor"]
[Date "2026.05.15"]
[Round "6.3"]
[White "Hector, Jonny"]
[Black "Eugene, Floryan"]
[Result "1-0"]
[WhiteElo "2408"]
[BlackElo "2489"]
[WhiteFideId "1700090"]
[BlackFideId "20694784"]
[EventDate "2026.05.13"]
[EventType "tourn"]
[EventRounds "9"]
[EventCountry "DEN"]
[SourceTitle "Live v Helsingor Chess Club"]

1. e4 c5 2. Nf3 Nc6 3. d4 cxd4 4. Nxd4 Nf6 5. Nc3 d6 6. Bg5 e6 7. Qd2 a6 8. O-O-O Bd7 9. f4 Be7 10. Nf3 b5 11. Bd3 b4 12. Ne2 Qb6 13. f5 Rd8 14. Kb1 h6 15. Be3 Qa5 16. h3 d5 17. e5 Ne4 18. Qe1 exf5 19. Ned4 Rb8 20. Nxc6 Bxc6 21. Nd4 Bd7 22. Bxe4 fxe4 23. Qg3 Qc7 24. Qxg7 Rf8 25. Qxh6 Qb6 26. Qf4 Bc5 27. Rhf1 Rc8 28. Qg3 Qg6 29. Qf2 Qh5 30. Qf4 Be6 31. Rh1 Bxd4 32. Rxd4 Rg8 33. Rg1 a5 34. Qf1 Kf8 35. Bf4 Rh8 36. Qf2 Qf5 37. Qe3 Qh5 38. Bg5 Rg8 39. Bf6 Rg6 40. g4 Qh6 41. g5 Qh5 42. Rdd1 Kg8 43. h4 Kh7 44. Qb6 Rgg8 45. Qxa5 e3 46. Qxb4 Bf5 47. Rc1 Rc4 48. Qb3 Qe2 49. h5 Rgc8 50. g6+ fxg6 51. hxg6+ Kh6 52. Qb7 R8c7 53. Rh1+ Kxg6 54. Qxd5 Bxc2+ 55. Ka1 Be4 56. Rcg1+ Kf5 57. Rf1+ Qf2 58. Rxf2+ exf2 59. Qd2 Bxh1 60. Qxf2+ Rf4 61. Qe1 Bg2 62. Qb1+ Be4 63. Qd1 Bg2 64. Qd3+ Kg4 65. Qg6+ Kh3 66. Qh5+ Kg3 67. Qg5+ Kf3 68. a3 Rc1+ 69. Ka2 Bh3 70. Qg8 Re1 71. Qd5+ Rfe4 72. a4 Bf1 73. b3 Kf4 74. Ka3 Ra1+ 75. Kb2 Rae1 76. a5 R4e2+ 77. Ka3 Ra1+ 78. Kb4 Re4+ 79. Kc3 Ra2 80. Bg5+ Kf3 81. e6 Re2 82. Bd2 Kf2 83. Qf5+ Kg1 84. a6 Rxe6 85. a7 Bg2 86. Qg5 Re8 87. Qc5+ Kf1 88. Bf4 Ra2 89. Qb5+ Ree2 90. Be3 Ke1 91. Bd4 Rac2+ 92. Kb4 Re4 93. Qb6 Rd2 94. Kc3 Rexd4 95. Qxd4 Rxd4 96. Kxd4 Kd2 97. b4 Kc2 98. b5 Kb3 99. Kc5 Ka4 100. Kb6 Kb4 101. Ka6 Kc5 102. b6 Bf1+ 103. Kb7 Kb5 104. Kc7 1-0

[Event "Kronborg Chess Open GM 2026"]
[Site "Helsingor"]
[Date "2026.05.15"]
[Round "6.4"]
[White "Sipila, Vilka"]
[Black "Kunin, Vitaly"]
[Result "1-0"]
[WhiteElo "2471"]
[BlackElo "2507"]
[WhiteFideId "505455"]
[BlackFideId "4128737"]
[EventDate "2026.05.13"]
[EventType "tourn"]
[EventRounds "9"]
[EventCountry "DEN"]
[SourceTitle "Live v Helsingor Chess Club"]

1. e4 c5 2. Nf3 Nc6 3. Bb5 e5 4. O-O Bd6 5. c3 a6 6. Ba4 b5 7. Bc2 Nge7 8. a4 Rb8 9. d3 O-O 10. Be3 Ng6 11. Bb3 Be7 12. Bd5 Qc7 13. h4 d6 14. axb5 axb5 15. g3 Bg4 16. Nbd2 Bd8 17. Qc2 Nce7 18. Ba2 c4 19. dxc4 bxc4 20. Kg2 d5 21. exd5 Bf5 22. Qa4 Nxd5 23. Nxc4 Bd3 24. Rfe1 e4 25. Nd4 Qc8 26. Kh2 Bc7 27. Nd6 Bxd6 28. Bxd5 Rxb2 29. Qc6 Qd8 30. Nf5 Bc7 31. Bxe4 Ne5 32. Qd5 Ng4+ 33. Kg1 Nxe3 34. Rxe3 Bxe4 35. Qxe4 g6 36. Ne7+ Kg7 37. Nd5 Rd2 38. c4 Qd6 39. h5 Rd8 40. Qh4 Bb6 41. h6+ Kf8 42. Nxb6 Rd4 43. Qg5 f6 44. Qb5 Rd1+ 45. Rxd1 Qxg3+ 46. Rxg3 1-0

[Event "Kronborg Chess Open GM 2026"]
[Site "Helsingor"]
[Date "2026.05.15"]
[Round "6.5"]
[White "Medhus, Vitus Bondo"]
[Black "Ostensen, Nicolai Maxime"]
[Result "1/2-1/2"]
[WhiteElo "2406"]
[BlackElo "2405"]
[WhiteFideId "1462547"]
[BlackFideId "1546970"]
[EventDate "2026.05.13"]
[EventType "tourn"]
[EventRounds "9"]
[EventCountry "DEN"]
[SourceTitle "Live v Helsingor Chess Club"]

1. e4 e5 2. Nf3 Nc6 3. Bb5 a6 4. Ba4 b5 5. Bb3 Na5 6. Nxe5 Nxb3 7. axb3 Qg5 8. Nf3 Qxg2 9. Rg1 Qh3 10. Nc3 Bb7 11. d3 O-O-O 12. Rg3 Qe6 13. Be3 Qe8 14. Ra2 d5 15. Nxd5 f5 16. Nd4 fxe4 17. Qg4+ Rd7 18. dxe4 Bd6 19. Rf3 Ne7 20. Nxe7+ Qxe7 21. Nf5 Qe6 22. Nxd6+ Qxd6 23. Rf7 Rd8 24. Ra1 h5 25. Rxd7 Rxd7 26. Qf5 g6 27. Qc5 Qxh2 28. Ke2 Bxe4 29. Rxa6 Bf3+ 30. Kxf3 Qh1+ 31. Kf4 Rf7+ 32. Kg5 Rf5+ 33. Qxf5+ gxf5 34. Rh6 Qg2+ 35. Kxf5 Qg4+ 36. Ke5 h4 37. Bf4 Qe2+ 38. Be3 Qxc2 39. Rxh4 Qxb2+ 40. Kd5 Qxb3+ 41. Kc6 Qb2 42. Rf4 Qc2+ 43. Kxb5 Kb7 44. Rc4 Qd3 45. Kb4 c6 46. Rc3 Qb1+ 47. Rb3 Qa1 48. Rc3 Kc7 49. Rc5 Qb2+ 50. Kc4 Kd7 51. Kd3 Kd6 52. Ke4 Qb1+ 53. Kf3 Qd1+ 54. Ke4 1/2-1/2

[Event "Kronborg Chess Open GM 2026"]
[Site "Helsingor"]
[Date "2026.05.16"]
[Round "7.1"]
[White "Kunin, Vitaly"]
[Black "Pajeken, Jakob Leon"]
[Result "1-0"]
[WhiteElo "2507"]
[BlackElo "2472"]
[WhiteFideId "4128737"]
[BlackFideId "12942839"]
[EventDate "2026.05.13"]
[EventType "tourn"]
[EventRounds "9"]
[EventCountry "DEN"]
[SourceTitle "Live v Helsingor Chess Club"]

1. e4 e5 2. Nf3 Nc6 3. h3 Nf6 4. Nc3 Bb4 5. Bc4 O-O 6. O-O d6 7. Nd5 Nxd5 8. Bxd5 Ne7 9. Bb3 Ng6 10. c3 Ba5 11. d4 c6 12. Ng5 h6 13. Qh5 Nh8 14. Nf3 exd4 15. Bg5 Qe8 16. Bxh6 Bd8 17. Bg5 Bf6 18. Bxf6 gxf6 19. Nxd4 c5 20. Nf5 Qxe4 21. Nxd6 Qe5 22. Bxf7+ Nxf7 23. Qg6+ Kh8 24. Nxf7+ Rxf7 25. Qxf7 Bxh3 26. Rfe1 Qg5 27. Re8+ 1-0

[Event "Kronborg Chess Open GM 2026"]
[Site "Helsingor"]
[Date "2026.05.16"]
[Round "7.2"]
[White "Wang, Hao(ZJ)"]
[Black "Kaasen, Tor Fredrik"]
[Result "1/2-1/2"]
[WhiteElo "2426"]
[BlackElo "2477"]
[WhiteFideId "8631859"]
[BlackFideId "1516647"]
[EventDate "2026.05.13"]
[EventType "tourn"]
[EventRounds "9"]
[EventCountry "DEN"]
[SourceTitle "Live v Helsingor Chess Club"]

1. e4 c5 2. Nf3 e6 3. d4 cxd4 4. Nxd4 Nc6 5. Nc3 Qc7 6. g3 a6 7. Bg2 Nf6 8. O-O Nxd4 9. Qxd4 Bc5 10. Bf4 d6 11. Qd2 h6 12. Rad1 e5 13. Be3 Bxe3 14. fxe3 Be6 15. Qxd6 Rc8 16. a3 Qxd6 17. Rxd6 Nd7 18. Rfd1 Rxc3 19. bxc3 Ke7 20. Bf1 Rc8 21. c4 Rc7 22. R6d2 Nc5 23. Bd3 Rd7 24. Kf1 Rc7 25. Rb1 Bg4 26. Rf2 Rd7 27. Ke1 Kd8 28. Rb4 Kc7 29. Rd2 Re7 30. Be2 Be6 31. Rd5 Bxd5 32. cxd5 1/2-1/2

[Event "Kronborg Chess Open GM 2026"]
[Site "Helsingor"]
[Date "2026.05.16"]
[Round "7.3"]
[White "Chatalbashev, Boris"]
[Black "Hector, Jonny"]
[Result "1/2-1/2"]
[WhiteElo "2530"]
[BlackElo "2408"]
[WhiteFideId "2900440"]
[BlackFideId "1700090"]
[EventDate "2026.05.13"]
[EventType "tourn"]
[EventRounds "9"]
[EventCountry "DEN"]
[SourceTitle "Live v Helsingor Chess Club"]

1. Nf3 d5 2. g3 Nc6 3. d4 Bf5 4. Bg2 Nb4 5. Na3 e6 6. O-O h6 7. Ne5 Bd6 8. c3 Bxe5 9. dxe5 Nc6 10. Qb3 Nge7 11. c4 O-O 12. Bf4 g5 13. Be3 Nxe5 14. cxd5 exd5 15. Qxb7 Rb8 16. Qxa7 N5c6 17. Qc5 Rxb2 18. Rfd1 Be6 19. Nb5 Qd7 20. Nd4 Nxd4 21. Bxd4 Rb5 22. Qc2 c5 23. a4 Ra5 24. Bc3 Ra6 25. a5 d4 26. e3 Bd5 27. Bf1 Qg4 28. Qe2 Qxe2 29. Bxe2 Re6 30. Bb2 dxe3 31. a6 Ba8 32. a7 Nc6 33. Bc4 e2 34. Re1 Re7 35. Rxe2 Rxa7 36. Rxa7 Nxa7 37. f4 Nc6 38. fxg5 hxg5 39. Bf6 Kh7 40. Bd3+ Kg8 41. Kf2 Nd4 42. Re5 Ne6 43. h4 Rb8 44. hxg5 Rb3 45. Ke2 Bc6 46. Kd2 Rb2+ 47. Kc3 Rg2 48. Re3 Bd5 49. Bc2 Rf2 50. Re5 Rf3+ 51. Kb2 Bc6 52. Bb3 Rxg3 53. Bxe6 fxe6 54. Rxc5 Be8 55. Rc7 Bf7 56. Re7 e5 57. Rxe5 Kh7 58. Ra5 Kg6 59. Kc2 Bc4 60. Rc5 Be6 61. Kd2 Bb3 62. Rc6 Kf5 63. Bd8 Be6 64. Ke2 Rg2+ 65. Ke3 Rg3+ 66. Kd4 Rg4+ 67. Kc3 Rg3+ 68. Kb4 Rb3+ 69. Ka5 Rb8 70. Be7 Rb7 71. Bf6 Rb3 72. Be7 Rb7 73. Bd8 Rb8 74. Rd6 Rb1 75. Bf6 Rb3 76. Rd1 Kg6 77. Re1 Bf7 78. Be7 Rb7 79. Ka6 Rb2 80. Ka7 Bd5 81. Re5 Bf7 82. Bd8 Rd2 83. Bf6 Rd5 84. Re1 Rb5 85. Be7 Bd5 86. Bd8 Rb7+ 87. Ka6 Rb8 88. Bf6 1/2-1/2

[Event "Kronborg Chess Open GM 2026"]
[Site "Helsingor"]
[Date "2026.05.16"]
[Round "7.4"]
[White "Eugene, Floryan"]
[Black "Medhus, Vitus Bondo"]
[Result "0-1"]
[WhiteElo "2489"]
[BlackElo "2406"]
[WhiteFideId "20694784"]
[BlackFideId "1462547"]
[EventDate "2026.05.13"]
[EventType "tourn"]
[EventRounds "9"]
[EventCountry "DEN"]
[SourceTitle "Live v Helsingor Chess Club"]

1. e4 c5 2. Nf3 g6 3. Bc4 Bg7 4. O-O d6 5. Re1 Nc6 6. c3 Nf6 7. h3 O-O 8. Bb3 Na5 9. Bc2 c4 10. Na3 a6 11. b4 cxb3 12. axb3 b5 13. d4 Bb7 14. Bd2 Rc8 15. b4 Nc4 16. Nxc4 Rxc4 17. Bd3 Rc7 18. Qb3 Qd7 19. d5 Rfc8 20. Rac1 e6 21. dxe6 Qxe6 22. Qxe6 fxe6 23. Ng5 Bh6 24. Bb1 d5 25. f3 Bxg5 26. Bxg5 Nd7 27. exd5 Bxd5 28. Re3 Kf7 29. Be4 Nb6 30. Ra1 Na4 31. Bxd5 exd5 32. Rae1 Nxc3 33. Re7+ Kg8 34. R1e6 d4 35. Rxa6 Rxe7 36. Bxe7 Rc7 37. Bf6 Rd7 38. Kf2 Kf7 39. Be5 Nd1+ 40. Ke2 Nb2 41. Bf4 d3+ 42. Kd2 Nc4+ 43. Kd1 Re7 44. Ra2 Ke6 45. Ra8 Rd7 46. Ra2 Kd5 47. Ra8 Kd4 48. Bd2 Nb2+ 49. Kc1 Nc4 50. Re8 Kd5 51. Bc3 Kc6 52. Re6+ Rd6 53. Re7 d2+ 54. Kd1 Rd3 55. Bxd2 Rxd2+ 56. Ke1 Rxg2 0-1

[Event "Kronborg Chess Open GM 2026"]
[Site "Helsingor"]
[Date "2026.05.16"]
[Round "7.5"]
[White "Ostensen, Nicolai Maxime"]
[Black "Sipila, Vilka"]
[Result "1/2-1/2"]
[WhiteElo "2405"]
[BlackElo "2471"]
[WhiteFideId "1546970"]
[BlackFideId "505455"]
[EventDate "2026.05.13"]
[EventType "tourn"]
[EventRounds "9"]
[EventCountry "DEN"]
[SourceTitle "Live v Helsingor Chess Club"]

1. c4 e5 2. Nc3 Bb4 3. Nd5 Be7 4. d4 exd4 5. Qxd4 Nf6 6. Nxe7 Qxe7 7. Bg5 Nc6 8. Qc3 d6 9. Bxf6 Qxf6 10. Qxf6 gxf6 11. e3 Be6 12. Rc1 a5 13. Ne2 a4 14. a3 Ra5 15. Nd4 Rc5 16. Be2 Na5 17. Nxe6 fxe6 18. O-O Ke7 19. Rc3 Ra8 20. Rd1 Ra6 21. Rd4 Rb6 22. Rc2 d5 23. Rh4 Nxc4 24. Rxh7+ Kf8 25. Bxc4 Rbc6 26. Rh4 b5 27. Kf1 bxc4 28. Ke1 Kg7 29. Kd1 f5 30. g4 Rb6 31. f3 Rcb5 32. Kc1 Rb3 33. gxf5 exf5 34. Rd4 c6 35. e4 Rd3 36. Rxd3 cxd3 37. Rg2+ Kf6 38. exd5 cxd5 39. Rd2 Rb3 40. f4 d4 41. Rg2 Ke6 42. Rg5 d2+ 43. Kxd2 Rf3 44. Rg8 Kd5 45. Re8 Rxf4 46. Rd8+ Ke5 47. Re8+ Kd5 48. Rd8+ Ke4 49. Re8+ Kf3 50. Rf8 Kg4 51. Kd3 Rf2 52. Ra8 Rxb2 53. Rxa4 Rxh2 54. Rxd4+ f4 55. a4 Kg3 56. Rd8 Ra2 57. Rg8+ Kf2 58. Ra8 f3 59. a5 Ke1 60. Kc4 f2 61. Re8+ Re2 62. Rf8 Re5 63. Kb4 f1=Q 64. Rxf1+ Kxf1 65. a6 Ke2 66. a7 Re8 67. Kb5 Kd3 68. Kb6 Kc4 69. Kb7 Kb5 70. a8=Q Rxa8 71. Kxa8 1/2-1/2